| 000 | 00651nam a2200241Ia 4500 | ||
|---|---|---|---|
| 003 | OSt | ||
| 005 | 20251013184759.0 | ||
| 008 | 210423s2013 xx 000 0 und d | ||
| 020 | _a978-81-316-0592-9 | ||
| 040 | _cAL | ||
| 041 | _aEnglish | ||
| 082 |
_a361.32 _bHAMT |
||
| 100 |
_aGordon Hamilton _9117652 |
||
| 245 | _aTheory and practice of social case work | ||
| 250 | _a2 | ||
| 260 |
_aNew Delhi _bRawat Publications _c2013 |
||
| 300 |
_a328 _bHB |
||
| 365 |
_b895 _cINR |
||
| 650 |
_aSocial Problems & Services _9117653 |
||
| 650 |
_aSocial Work _9117654 |
||
| 906 | _acase ; Ed ; practice ; social ; Theory ; work | ||
| 942 |
_2ddc _cBK |
||
| 999 |
_c176363 _d176363 |
||